000 01096nam a2200325 i 4500
001 bg
003 BPK
005 20220406100214.0
008 000114s1999 pl a f f |001 0 pol
015 _aPB 2000/1031
020 _a832042447X
040 _aWA N
_cBPK
041 0 _apol
080 _a621.3
080 _a(075.8)
245 0 0 _aElektrotechnika i elektronika dla nieelektryków /
_caut. Paweł Hempowicz [et al.].
250 _aWyd. 5 częśc. zm.
260 _aWarszawa :
_bWydawnictwa Naukowo-Techniczne,
_c1999.
300 _a622, [2] s. :
_bil. ;
_c24 cm.
490 1 _aPodręczniki Akademickie. Mechanika.
504 _aBibliogr. i normy przy rozdz. - Indeks.
655 4 _aPodręczniki akademickie
650 4 _aElektronika
650 4 _aElektrotechnika
710 2 _aWydawnictwa Naukowo-Techniczne
_4pbl.
700 1 _aHempowicz, Paweł
_eAutor
830 0 _aPodręczniki Akademickie.
_pMechanika
856 _uhttp://koha.tu.koszalin.pl/cgi-bin/koha/opac-detail.pl?biblionumber=36591
_yKatalog online BPK
942 _2UKD
_cKS
999 _c36591
_d36591